Pavol Socháň etnograf, maliar, fotograf, publicista, dramatik, osobnosť ideový plagát

Bibliographic Details
Format: Photo
Language:Slovak
PhysicalDescription:1 plagát farebný; podklad biely, text čierny a červený, pod titulom obraz rodiny Socháňovcov 96 x 68 cm
Published: Martin Slovenské národné múzeum Etnografický ústav 1982
Subjects:

MARC

LEADER 00000nkm a2200000 a 4500
001 vtls011595226
003 SK-MaSNL
005 20260425233345.0
007 kf bo
008 240409s1997 xo g kuslo
035 |a urn:nbn:sk:snk-km00cq58 
035 |a urn:nbn:sk:snk-km3lr94 
035 |a FD6E3A09-D584-45FC-BC4C-0E426814642A 
040 |a SNK  |b slo  |c SNK  |e AACR2 
041 0 |a slo 
043 |a e-xo--- 
044 |a xo  |c SK 
072 7 |a 394  |x Verejný a spoločenský život. Každodenný život  |2 konspekt 
072 7 |a 929  |x Biografie  |2 konspekt 
080 |a 394.46  |2 2011 
080 |a (084.5)  |2 2011 
080 |a 929  |2 2011 
245 0 0 |a Pavol Socháň etnograf, maliar, fotograf, publicista, dramatik, osobnosť  |b ideový plagát  |h grafika  |c návrh: Ivan Riabič 
260 |a Martin  |b Slovenské národné múzeum Etnografický ústav  |c 1982 
300 |a 1 plagát  |b farebný; podklad biely, text čierny a červený, pod titulom obraz rodiny Socháňovcov  |c 96 x 68 cm 
648 7 |a júl - december 1982  |2 SNKPH  |9 493044 
650 0 7 |a literárne osobnosti  |2 SNKPH  |9 341046 
651 7 |a Slovensko  |2 SNKPH  |9 14231 
655 7 |a plagáty  |2 SNKPH  |9 70571 
852 |a Slovenská národná knižnica v Martine 
958 |a CP 
958 |a GBN 
999 |c 763558  |d 765488 
952 |a SNKLM  |b SNKLM  |y NEVYP  |7 1  |p 17A1201545  |o snklm L 899  |i snklm 103/1982  |8 7  |0 0  |1 0  |4 0  |d 2016-11-24  |f 1  |l 0  |r 2026-02-24 00:11:31  |w 2026-02-24